1289 1050 1390 1243 1389 1140 1644 1520 1816 1022 1100 1087 1312 1211 1646 1624 1091 1006 1595 1501 1263 1017 1330 1688 1337 1210 1082 1019 1397 1583 1527 1979 1882 1101 1236 1459 1244 1405 1013 1721 1804 1788 1229 1281 1037 1669 1072 1183 1633 1430 1887 1367 1366 1707 1867 1731 1359 1557 1325 1214 1703 1928 1531 1729 1395 1032 1048 1414 1172 1794 1548 1710 1042 1495 1104 1730 1593 1583 1768 1287 1470 1446 1719 1933 1981 1931 1251 1435 1906 1662 1641 1818 1048 1356 1711 1981 1962 1700 1286 BCNSPRNW ULIB Ver.6.0+V

เปลี่ยนเป็นภาษาไทย

Change to English
 แสดงรายละเอียดบรรณานุกรม
  กลับหน้าหลัก

Brief Record : Get Marc (ISO 2709) : E-mail record : QR code < ปิดหน้าต่าง
LEADER : 00000nam 2200000uu 4500
001    13399111431
003     ULIB
008    110624s||||||||th 000 0 tha d
020    9789741638239
050  4 BQ4190^bส721ป ล.2 2550
100 0  ศุภวรรณ พิพัฒพรรณวงศ์ กรีน
245 10 ปฏิบัติการไล่หนูออกจากบ้าน เล่ม2 /^cศุภวรรณ พิพัฒพรรณวงศ์ กรีน
260    กรุงเทพฯ :^bฟรีมายด์,^c2550
300    152 หน้า
650  4 การ์ตูน^xแง่พระพุทธศาสนา
710 2  ส้มซ่า
945    ^p140^l0^i026443
995    ทศพร
999 ^a ใช้งานได้ทุกระบบ
รายการนี้ยังไม่มีแท็ก
คุณยังไม่ได้ล็อกอิน คุณสามารถมีกิจกรรมร่วมกับเว็บไซต์ได้ แต่ต้องล็อกอินก่อน ::
  ล็อกอิน

รายการสื่อสารสนเทศ

ลำดับที่ ประเภท เลขเรียก/บาร์โค้ด สถานที่ สถานะ
- ไม่พบข้อมูล -

รายการใกล้เคียง
    ผู้แต่ง [ศุภวรรณ พิพัฒพรรณวงศ์ กรีน]

BibComment


ยังไม่เคยถูกคอมเมนท์

คอมเมนท์ทรัพยากรรายการนี้
  คอมเมนท์: ปฏิบัติการไล่หนูอ..


 Copyright 2026. Bcnsprnw @Library